مكتبة جامعة عجلون الوطنية

فهرس بحث المكتبة

المسؤولية الجزائية عن جرائم التشهير الالكتروني(دراسة مقارنة)=Criminal Responsibility for the Defamation Through Electronic Means(A Comparative Study / (Record no. 31884)

MARC details
000 -LEADER
fixed length control field 01039nam a2200241Ii 4500
003 - CONTROL NUMBER IDENTIFIER
control field JO-AjNU
005 - DATE AND TIME OF LATEST TRANSACTION
control field 20240629124443.0
008 - FIXED-LENGTH DATA ELEMENTS--GENERAL INFORMATION
fixed length control field 230605s9999||||xx |||||||||||||| ||und||
040 ## - CATALOGING SOURCE
Original cataloging agency JO-AjNU
Language of cataloging ara
Description conventions rda
Transcribing agency JO-AjNU
041 ## - LANGUAGE CODE
Language code of text/sound track or separate title ara
050 14 - LIBRARY OF CONGRESS CALL NUMBER
Classification number K564.2022
100 #1 - MAIN ENTRY--PERSONAL NAME
Personal name بني عامر، سمير محمود عبدالرحيم
Relator term معد
9 (RLIN) 65816
245 #0 - TITLE STATEMENT
Title المسؤولية الجزائية عن جرائم التشهير الالكتروني(دراسة مقارنة)=Criminal Responsibility for the Defamation Through Electronic Means(A Comparative Study /
264 31 - PRODUCTION, PUBLICATION, DISTRIBUTION, MANUFACTURE, AND COPYRIGHT NOTICE
Place of production, publication, distribution, manufacture 2022
300 ## - PHYSICAL DESCRIPTION
Extent 115 ورقة
336 ## - CONTENT TYPE
Content type term text
Content type code txt
Source rdacontent
337 ## - MEDIA TYPE
Media type term unmediated
Media type code n
Source rdamedia
338 ## - CARRIER TYPE
Carrier type term volume
Carrier type code nc
Source rdacarrier
500 ## - GENERAL NOTE
General note رسالة جامعية(اطروحة ماجستير) تخصص القانون /كليةالحقوق جامعة عجلون الوطنية، 2022
650 #4 - SUBJECT ADDED ENTRY--TOPICAL TERM
Topical term or geographic name entry element جرائم التشهير-قانون
9 (RLIN) 62524
700 #1 - ADDED ENTRY--PERSONAL NAME
Personal name الغرايبة، زيد ابراهيم
Relator term مشرف
9 (RLIN) 65199
942 ## - ADDED ENTRY ELEMENTS (KOHA)
Source of classification or shelving scheme Library of Congress Classification
Koha item type Thesis
Holdings
Withdrawn status Lost status Source of classification or shelving scheme Damaged status Not for loan Home library Current library Shelving location Date acquired Total Checkouts Full call number Barcode Date last seen Price effective from Koha item type
    Library of Congress Classification     مكتبة جامعة عجلون الوطنية مكتبة جامعة عجلون الوطنية المراجع 06/06/2023   K564.2022 A28316 06/06/2023 06/06/2023 Thesis
    Library of Congress Classification     مكتبة جامعة عجلون الوطنية مكتبة جامعة عجلون الوطنية   29/06/2024   K564.2022 a28317 29/06/2024 29/06/2024 Thesis